Sustainable growth rate of the firm

Rast firmy a niektoré finančné aspekty tohto procesu. Teoretické koncepty analyzujúce rast firmy, Problémy s trvalo udržateľnou mierou rastu firmy a jej teoretické a praktické dôsledky.

Saved in:
Bibliographic Details
Main Author: Pošta, Vít
Format: Book Chapter
Language:English
Subjects:
Tags: Add Tag
No Tags, Be the first to tag this record!

MARC

LEADER 00000naa$a2200000$$$4500
001 0043056
005 20220722092740.6
041 0 |a eng 
044 |a SK 
245 1 0 |a Sustainable growth rate of the firm  |c Vít Pošta 
520 |a Rast firmy a niektoré finančné aspekty tohto procesu. Teoretické koncepty analyzujúce rast firmy, Problémy s trvalo udržateľnou mierou rastu firmy a jej teoretické a praktické dôsledky. 
610 2 0 |a firmy 
610 2 0 |a rast podniku 
610 2 0 |a teória a prax 
100 1 |a Pošta, Vít